Taylor Swift - Track 3 - Statistiques

Statistiques générales
  • Ce quiz a été pris 181 fois
    31 depuis la dernière actualisation
  • Le résultat moyen est 10 sur 12
Statistiques - réponses
Albums Chansons % Correct
Reputation I Did Something Bad
95%
Fearless Love Story
95%
Midnight Anti-Hero
91%
The Tortured Poets Department My Boy Only Breaks His Favorite Toys
91%
The Life of a Showgirl Opalite
91%
1989 Style
91%
Lover Lover
86%
folklore the last great american dynasty
86%
evermore gold rush
82%
Speak Now Back to December
73%
Taylor Swift Teardrops on my Guitar
73%
Red Treacherous
73%
Aucun quiz correspondant
Distribution des résultats
% des personnes avec chaque résultat
Percentile par nombre de réponses
Votre historique - résultats
Vous n’avez pas pris ce quiz depuis la dernière actualisation